2 Minutes Notice - Lyrics - Statistics

General Stats
  • This quiz has been taken 84 times
  • The average score is 150 of 320
Answer Stats
% Correct
I
95%
Fuck
88%
fuck
88%
"Fuck
88%
(Fuck
88%
you !
88%
you
88%
you!"
88%
you!
88%
you,
88%
you)
88%
You
88%
have
85%
Have
85%
a
83%
a-
83%
my
83%
time
75%
Time
75%
of
73%
the
70%
to
70%
was
70%
wasted
65%
your
65%
abuse
63%
and
63%
And
63%
bitch!
63%
me
63%
me,
63%
So
63%
it
60%
It
60%
it!
60%
it,
60%
life
60%
say
60%
Say
60%
use
60%
on
55%
ever
53%
hear
53%
last
53%
lifetime
53%
part
53%
seen
53%
sold
53%
Suffered
53%
suffered
53%
every
50%
feet
48%
minutes
48%
packaged
48%
two
48%
world
48%
defeat
45%
for
45%
notice,
45%
top
45%
with
45%
here
43%
lost
43%
some
43%
thing
43%
doll
40%
goodbye,
40%
I've
40%
at
38%
game,
38%
myself
38%
one
38%
played
38%
roses
38%
won
38%
worshipped
38%
be
35%
bought
35%
shit
35%
shit,
35%
all
33%
am
33%
fortune
33%
heel
33%
in
33%
Mammon,
33%
name,
33%
quit
33%
smell
33%
they
33%
under
33%
left
30%
standing
30%
ass
28%
crushed
28%
got
28%
I'm
28%
screamed
28%
taken
28%
Been
25%
day,
25%
die,
25%
Here's
25%
now
25%
(Suck
25%
Made
23%
profit
23%
really
23%
this
23%
eye
20%
look
20%
steal
20%
They've
20%
tired
20%
wall
20%
you're
20%
(You're
20%
clown)
18%
could
18%
Did
18%
enough,
18%
fame
18%
fucking,
18%
hit
18%
is
18%
kiss
18%
seized
18%
sick
18%
six
18%
suckered
18%
calls
15%
Fuckity,
15%
fuckity,
15%
fuckity
15%
stay?
15%
taking
15%
think
15%
tumor
15%
boss
13%
cuck,
13%
fist
13%
ground
13%
had
13%
Hope
13%
I'd
13%
today,
13%
while
13%
ends
10%
gonna
10%
greedy
10%
just
10%
let
10%
like
10%
more
10%
sack
10%
said
10%
Slander
10%
Yeah!
10%
apologize!
8%
felt
8%
If
8%
I'll
8%
late
8%
obeyin'?
8%
off,
8%
sad
8%
sooner,
8%
there's
8%
too
8%
wish
8%
ya
8%
bastard)
5%
brewin'?
5%
Eatin'
5%
that
5%
work
5%
anger
3%
bitchies
3%
Cut
3%
doing
3%
everyday
3%
never
3%
same
3%
same,
3%
Spending
3%
stick
3%
town
3%
around,
0%
bent
0%
over
0%
No matching quizzes found
Score Distribution
Percent of People with Each Score
Percentile by Number Answered
Your Score History
You have not taken this quiz